000 00243nam a2200097Ia 4500
001 688097
005 20250826161608.0
008 250824s9999 xx 000 0 und d
245 0 _a80 GÜNDE DÜNYA TURU
_cJULES VERNE
260 _bTİMAŞ YAYINLARI
999 _c688097
_d688097